000 00455nam a2200181Ia 4500
001 22598
005 20260414150842.0
008 260414t1998||||xx |||||||||||||| ||spa||
041 _aESP
082 _a621.38212
_bS78
100 _aStallings, William
_eAUT
245 0 _aHig-speed networks :
_bTCP/IP and ATM design principles
260 _c1998
300 _a576 páginas :
_c24 cm.
650 _aTCA
654 _aCET
942 _cLIB
_dJUS
_fJUS
_2ddc
_n
999 _c22598
_d22598